000 00499nam a2200181Ia 4500
003 GCL
008 140319s9999 xx 000 0 ara d
040 _aGCL /
_cGCL
082 0 4 _a812.009
_bج ل
100 1 _aجلال العشرى
245 1 0 _aلن يسدل الستار : اتجاهات المسرح المعاصر /
_cجلال العشرى
300 _a367 ص
490 _a
650 0 4 _aالمسرح
650 0 4 _aالمسرحيات
650 0 4 _aتاريخ ونقد
942 _2ddc
_cBK
999 _c38248
_d38248